Sports Quiz

Random Sports or NBA Quiz

NBA 3PA vs 2PA (2015-16) Quiz Stats

Quiz Updated May 10, 2016

Challenge
Share
Tweet
Embed
Score 0/37 Timer 10:00
0 Plays Today
Team Player % Correct
GSWStephen Curry
99%
CLEJ.R. Smith
75.2%
ATLKyle Korver
61.3%
PHIHollis Thompson
53.5%
SASDanny Green
48.2%
HOUTrevor Ariza
45.7%
CHAMarvin Williams
39.6%
DALWesley Matthews
39.1%
HOUJason Terry
30%
ORL/CLEChanning Frye
29.9%
NOPEric Gordon
29.5%
PHIRobert Covington
28.9%
SASPatrick Mills
27.4%
LACWesley Johnson
26.9%
HOUPatrick Beverley
26.3%
TORTerrence Ross
26.2%
MEMMatt Barnes
22.1%
PORMeyers Leonard
22.1%
LALNick Young
20.9%
Team Player % Correct
LACPaul Pierce
19.9%
DET/ORLBrandon Jennings
19.2%
INDC.J. Miles
17.3%
CHINikola Mirotić
17.3%
TORPatrick Patterson
16.7%
DEN/OKCRandy Foye
16.6%
PHINik Stauskas
15.9%
PHIIsaiah Canaan
14.9%
OKCAnthony Morrow
13.8%
CLERichard Jefferson
11.5%
PHOMirza Teletović
11%
MILO.J. Mayo
8.8%
MILJerryd Bayless
8.6%
DETAnthony Tolliver
5.3%
CHA/MEMP.J. Hairston
5.3%
WASGarrett Temple
4.4%
DALCharlie Villanueva
3.5%
PHORonnie Price
2.5%

You're not logged in!

Compare scores with friends on all Sporcle quizzes.
Join for Free
OR
Log In

You Might Also Like...

Show Comments

Extras

Top Quizzes Today


Score Distribution

Your Account Isn't Verified!

In order to create a playlist on Sporcle, you need to verify the email address you used during registration. Go to your Sporcle Settings to finish the process.

Report this User

Report this user for behavior that violates our Community Guidelines.

Details: